000 00792nam a22002777a 4500
001 BR7401388
003 BR-BrBNA
005 20230928084555.0
007 ta
008 230509b bl.||||| |||| 00| 0 por d
040 _aBR-BrBNA
_bpor
_cBiblioteca Nacional de Agricultura
041 _a(Por)
072 _aF01; E10; L01
_b0180
_b/G514
090 _ 0180 BR7401388
100 1 _aBarros, H. de
245 1 _aRelatorio ao Governo do Brasil sobre a economia da producao de trigo no Rio Grande do Sul
_bFAO/ETAP No. 39
260 3 _aRoma (Italy):
_bFAO,
_c1953.
300 _a221 p.
500 _a59 tables
650 _aTRIGO
650 _aPOLITICA AGRICOLA
650 _aESTATISTICA AGRICOLA
650 _aRIO GRANDE DO SUL
909 _a202309
_bLucia
_c55
_dLucia Elande
942 _cBK
999 _c19850
_d19850